000 00669nam a2200181Ia 4500
008 100921s9999 xx 000 0 und d
082 _b34325
_a891.463 न 02
100 _aपोरे सुरेश.
245 _aउन्हातील चांदणे.
260 _bश्रीपाद प्रकाशन,पुणे.
_c2002
300 _a191
_bजयेश एजन्सी,पुणे.
365 _b191
520 _aललित-कादंबरी.
630 _aउन्हातील चांदणे.
650 _aललित-कादंबरी.
730 _aउन्हातील चांदणे.
942 _cBOOK
999 _c783438
_d783435